000 00402cam a2200133ua 4500
082 _a894.8127
_bBAS/NE
100 _aബഷീർ, വൈക്കം മുഹമ്മദ്‌
_949
245 _aനേരും നുണയും
260 _aKottayam :
_bNational Book Stall ,
_c1965.
300 _a218 ; .
650 _aNerum nunayum /
_950
700 _aBasheer, Vaikam Muhammed
_951
942 _cBK
999 _c416
_d416